| 000 | 01957nam a22002417a 4500 | ||
|---|---|---|---|
| 003 | BJBSDDR | ||
| 005 | 20260512163032.0 | ||
| 006 | a|||||r|||| 00| 0 | ||
| 007 | ta | ||
| 008 | 260512s20252023nyu|||||r|||| 00| 0 eng d | ||
| 020 | _a9781668031650 | ||
| 040 |
_bspa _cBJBSDDR |
||
| 050 | _bM369f 2025 | ||
| 100 | 1 |
_aMarshall, Tim, _d1959- _912237 |
|
| 245 | 1 | 4 |
_aThe future of geography : _bhow the competition in space will change our world / _cTim Marshall. |
| 250 | _afirst paperback edition | ||
| 260 |
_aNew York, N.Y. : _bScribner, _c2025 |
||
| 300 |
_a278 pages : _billustrations ; _c21 cm. |
||
| 500 | _a Originally published: Elliott & Thompson, 2023 | ||
| 520 | _aSpy satellites orbiting the moon. Space metals worth more than most countries' GDP. People on Mars within the next ten years. This isn't science fiction - it's reality. Humans are venturing up and out, and we're taking our competitive spirit with us. Soon, what happens in space will shape human history as much as the mountains, rivers, and seas have impacted civilisations around the world. It's no coincidence that Russia, China, and the USA are leading the way. The next fifty years will change the face of global politics and the world order as we know it. In this gripping work, bestselling author Tim Marshall navigates the new astro-political reality to show how we got here and where we're heading. Extensively researched and drawing on the latest information from intelligence, government, and civilian institutions, this book provides a detailed, clear account of the new space race, the power rivalries, and how technology, economics, and war have a ripple effect on everyone across the globe. Written with all the insight and wit that have made Marshall one of the world's most popular and trusted writers on geopolitics, The Future of Geography is an essential read about global power, politics, and the future of humanity. | ||
| 942 |
_2lcc _n0 _cBK |
||
| 946 | _illh | ||
| 999 |
_c127069 _d127069 |
||